书目信息 |
| 题名: |
中国怎么办
|
|
| 作者: | 旁征博引 著 | |
| 分册: | ||
| 出版信息: | 北京 中国经济出版社 2009 |
|
| 页数: | 229页 | |
| 开本: | 24cm | |
| 丛书名: | 中经热点观察系列丛书 | |
| 单 册: | ||
| 中图分类: | F831.59 , F124 | |
| 科图分类: | ||
| 主题词: | 金融危机--研究--世界 , 经济发展--研究--中国 , 金融危机 , 经济发展 | |
| 电子资源: | ||
| ISBN: | 978-7-5017-9259-7 | |
| 000 | 00944oam2 2200301 45 | |
| 001 | 1032993218 | |
| 005 | 20100408162609.60 | |
| 010 | @a978-7-5017-9259-7@dCNY38.00 | |
| 100 | @a20100331d2009 ekmy0chiy0120 ea | |
| 101 | 0 | @achi |
| 102 | @aCN@b110000 | |
| 105 | @ay z 000yy | |
| 106 | @ar | |
| 200 | 1 | @a中国怎么办@AZhong Guo Zen Me Ban@e当金融危机改变世界@EDang Jin Rong Wei Ji Gai Bian Shi Jie@f旁征博引著@FPang Zheng Bo Yin Zhu |
| 210 | @a北京@c中国经济出版社@d2009 | |
| 215 | @a229页@d24cm | |
| 225 | 2 | @a中经热点观察系列丛书 |
| 461 | 0 | @12001 @a中经热点观察系列丛书 |
| 517 | 1 | @a当金融危机改变世界@ADang Jin Rong Wei Ji Gai Bian Shi Jie |
| 606 | 0 | @a金融危机@x研究@y世界 |
| 606 | 0 | @a经济发展@x研究@y中国 |
| 606 | 0 | @a金融危机 |
| 606 | 0 | @a经济发展 |
| 690 | @aF831.59@v4 | |
| 690 | @aF124@v4 | |
| 701 | 0 | @a旁征博引@APang Zheng Bo Yin@4著 |
| 801 | 0 | @aCN@bTANGWEI@c20100408 |
| 905 | @b0587206-10@dF831.59@e41@f5 | |
| 中国怎么办:当金融危机改变世界/旁征博引著.-北京:中国经济出版社,2009 |
| 229页;24cm.-(中经热点观察系列丛书) |
| ISBN 978-7-5017-9259-7:CNY38.00 |
| ● |
| 相关链接 |
|
|
|
|
正题名:中国怎么办
索取号:F831.59/41
 
预约/预借
| 序号 | 登录号 | 条形码 | 馆藏地/架位号 | 状态 | 备注 |
| 1 | 0587206 | 205872064 | 第一样本阅览室/ [索取号:F831.59/41] | 在馆 | |
| 2 | 0587207 | 205872073 | 第一借阅区/ [索取号:F831.59/41] | 在馆 | |
| 3 | 0587208 | 205872082 | 第一借阅区/ [索取号:F831.59/41] | 在馆 | |
| 4 | 0587209 | 205872091 | 第一借阅区/ [索取号:F831.59/41] | 在馆 | |
| 5 | 0587210 | 205872108 | 第一借阅区/ [索取号:F831.59/41] | 在馆 |